Catálogo
 En Linea

For the love of God / (Registro nro. 49818)

Detalles MARC
000 -CABECERA
campo de control de longitud fija 01582nam a2200409 i 4500
003 - IDENTIFICADOR DEL NÚMERO DE CONTROL
campo de control DO-SdBNP
005 - FECHA Y HORA DE LA ÚLTIMA TRANSACCIÓN
campo de control 20230428105002.0
007 - CAMPO FIJO DE DESCRIPCIÓN FÍSICA--INFORMACIÓN GENERAL
campo de control de longitud fija ta
008 - DATOS DE LONGITUD FIJA--INFORMACIÓN GENERAL
campo de control de longitud fija 210517e2020 xxu ||gr|||| 001 edspa d
020 ## - NÚMERO INTERNACIONAL ESTÁNDAR DEL LIBRO
Número Internacional Estándar del Libro 9789945806830
040 ## - FUENTE DE LA CATALOGACIÓN
Centro catalogador/agencia de origen DO-SdBNP
Lengua de catalogación spa
Centro/agencia transcriptor BNPHU
Normas de descripción rda
041 17 - CÓDIGO DE LENGUA
Código de lengua original eng
082 #4 - NÚMERO DE LA CLASIFICACIÓN DECIMAL DEWEY
Número de documento/Ítem P438f
Número de edición 22
100 1# - ENTRADA PRINCIPAL--NOMBRE DE PERSONA
9 (RLIN) 76194
Nombre de persona Pérez Perdomo, Jesús Manuel
245 10 - MENCIÓN DE TÍTULO
Título For the love of God /
Resto del título a journey in search of the truth through the mysteries of the bible
Mención de responsabilidad, etc. Jesús Manuel Pérez
264 ## - PRODUCCIÓN, PUBLICACIÓN, DISTRIBUCIÓN, FABRICACIÓN Y COPYRIGHT
Producción, publicación, distribución, fabricación y copyright Estados Unidos :
Nombre del de productor, editor, distribuidor, fabricante s.n.,
Fecha de producción, publicación, distribución, fabricación o copyright 2020.
300 ## - DESCRIPCIÓN FÍSICA
Extensión 120 páginas ;
Dimensiones 23 cm.
336 ## - TIPO DE CONTENIDO
Fuente rdacontent
Término de tipo de contenido texto
Código de tipo de contenido txt
337 ## - TIPO DE MEDIO
Fuente rdamedia
Nombre/término del tipo de medio sin mediación
Código del tipo de medio n
338 ## - TIPO DE SOPORTE
Fuente rdacarrier
Nombre/término del tipo de soporte volumen
Código del tipo de soporte nc
490 1# - MENCIÓN DE SERIE
Mención de serie Manuel's notebook:A journery of Self-Discpvery;
-- For the love of god
-- The depth of simplicity
Designación de volumen o secuencia 3, 7
500 ## - NOTA GENERAL
Nota general Incluye referencias bibliográficas y notas al pie de páginas.
500 ## - NOTA GENERAL
Nota general Incluye glosario de términos e índice
504 ## - NOTA DE BIBLIOGRAFÍA, ETC.
Nota de bibliografía, etc. Bibliografía : p. 103
505 0# - NOTA DE CONTENIDO CON FORMATO
Nota de contenido con formato v.3
Título For the love of God--
Información miscelánea v.7--
Título The depth of simplicity.
505 0# - NOTA DE CONTENIDO CON FORMATO
Nota de contenido con formato v.7
Título The depth of simplicity.
590 ## - NOTA LOCAL (RLIN)
Nota local Inventariado 2021 / MF
650 #4 - PUNTO DE ACCESO ADICIONAL DE MATERIA--TÉRMINO DE MATERIA
9 (RLIN) 5156
Término de materia o nombre geográfico como elemento de entrada Amor de Dios
Subdivisión general Enseñanza Bíblica
650 #4 - PUNTO DE ACCESO ADICIONAL DE MATERIA--TÉRMINO DE MATERIA
9 (RLIN) 7385
Término de materia o nombre geográfico como elemento de entrada Dios
Subdivisión general Cristianismo
650 #4 - PUNTO DE ACCESO ADICIONAL DE MATERIA--TÉRMINO DE MATERIA
9 (RLIN) 27402
Término de materia o nombre geográfico como elemento de entrada Verdad (Teología)
650 #4 - PUNTO DE ACCESO ADICIONAL DE MATERIA--TÉRMINO DE MATERIA
9 (RLIN) 34724
Término de materia o nombre geográfico como elemento de entrada Biblia
Subdivisión general Historia
650 #4 - PUNTO DE ACCESO ADICIONAL DE MATERIA--TÉRMINO DE MATERIA
9 (RLIN) 5157
Término de materia o nombre geográfico como elemento de entrada Biblia A.T
Subdivisión general Comentarios
650 #4 - PUNTO DE ACCESO ADICIONAL DE MATERIA--TÉRMINO DE MATERIA
9 (RLIN) 44165
Término de materia o nombre geográfico como elemento de entrada Cristianismo
Subdivisión general Historia
830 #0 - PUNTO DE ACCESO ADICIONAL DE SERIE-TÍTULO UNIFORME
Título uniforme Manuel's notebook:A journery of Self-Discpvery;
Lenguaje de la obra eng
Número de parte o sección de la obra 3, 7
Nombre de parte o sección de la obra For the love of god
-- The depth of simplicity
9 (RLIN) 81391
910 ## - DATOS DE OPCIÓN DEL USUARIO (OCLC)
Datos de opción del usuario MFeliz
942 ## - ELEMENTOS DE PUNTO DE ACCESO ADICIONAL (KOHA)
Fuente del sistema de clasificación o colocación Dewey Decimal Classification
Tipo de ítem Koha Libro
Existencias
Estado de retiro Estado de pérdida Fuente del sistema de clasificación o colocación Restricciones de uso No para préstamo Código de colección Localización permanente Ubicación/localización actual Ubicación en estantería Fecha de adquisición Fuente de adquisición Signatura topográfica completa Código de barras Fecha visto por última vez Número de copia Precio válido a partir de Tipo de ítem Koha
    Dewey Decimal Classification Excluido de préstamo   Dominicana de Servicio Biblioteca Nacional Pedro Henríquez Ureña Biblioteca Nacional Pedro Henríquez Ureña En catalogación 15.09.2020 Depósito legal P438p 2021-1731 17.05.2021 v.3 17.05.2021 Libro
    Dewey Decimal Classification Excluido de préstamo   Dominicana de Servicio Biblioteca Nacional Pedro Henríquez Ureña Biblioteca Nacional Pedro Henríquez Ureña En catalogación 15.09.2020 Depósito legal P438p 2021-1732 17.05.2021 v.3,e.2 17.05.2021 Libro
    Dewey Decimal Classification Préstamo en sala   Dominicana de Servicio Biblioteca Nacional Pedro Henríquez Ureña Biblioteca Nacional Pedro Henríquez Ureña En catalogación 15.09.2020 Depósito legal P438p 2021-1733 17.05.2021 v.3,e.3 17.05.2021 Libro
    Dewey Decimal Classification Excluido de préstamo   Patrimonio Dominicano Biblioteca Nacional Pedro Henríquez Ureña Biblioteca Nacional Pedro Henríquez Ureña En catalogación 15.09.2020 Depósito legal BNPHU PD P438p 2021-1734 17.05.2021 v.7 17.05.2021 Libro
    Dewey Decimal Classification Excluido de préstamo   Patrimonio Dominicano Biblioteca Nacional Pedro Henríquez Ureña Biblioteca Nacional Pedro Henríquez Ureña En catalogación 15.09.2020 Depósito legal BNPHU PD P438p 2021-1735 17.05.2021 v.7,e.2 17.05.2021 Libro
    Dewey Decimal Classification Préstamo en sala   Dominicana de Servicio Biblioteca Nacional Pedro Henríquez Ureña Biblioteca Nacional Pedro Henríquez Ureña En catalogación 15.09.2020 Depósito legal BNPHU DS P438p 2021-1736 17.05.2021 v.7,e.3 17.05.2021 Libro

Con tecnología Koha